Salven mi selva / (Record no. 28043)

MARC details
000 -LEADER
fixed length control field 01912cam a2200409 a 4500
001 - CONTROL NUMBER
control field sjdsz9mscp b5812500
003 - CONTROL NUMBER IDENTIFIER
control field sjds
005 - DATE AND TIME OF LATEST TRANSACTION
control field 20240204192502.0
007 - PHYSICAL DESCRIPTION FIXED FIELD--GENERAL INFORMATION
fixed length control field ta
008 - FIXED-LENGTH DATA ELEMENTS--GENERAL INFORMATION
fixed length control field 040913t19971989mx ab c 000 0 spa d
020 ## - INTERNATIONAL STANDARD BOOK NUMBER
International Standard Book Number 7509965881127
024 ## - OTHER STANDARD IDENTIFIER
Source of number or code UPC
Standard number or code 7509965881127
035 ## - SYSTEM CONTROL NUMBER
System control number (LaserQuest)0395789125
035 ## - SYSTEM CONTROL NUMBER
System control number (KToSCC)CCE00202031
040 ## - CATALOGING SOURCE
Original cataloging agency KToSCC
Language of cataloging eng
Transcribing agency sjds
041 ## - LANGUAGE CODE
Language code of text/sound track or separate title spa
082 14 - DEWEY DECIMAL CLASSIFICATION NUMBER
Classification number 333.7
Edition number 13
092 ## - LOCALLY ASSIGNED DEWEY CALL NUMBER (OCLC)
Classification number J 333.7 ZAK
100 1# - MAIN ENTRY--PERSONAL NAME
Personal name Zak, Monica,
Dates associated with a name 1939-
Authority record control number https://id.loc.gov/authorities/names/n85094873.
245 10 - TITLE STATEMENT
Title Salven mi selva /
Statement of responsibility, etc. [por] Monica Zak ; ilustraciones [de] Bengt-Arne Runnerstrom [y otros].
264 #1 - PRODUCTION, PUBLICATION, DISTRIBUTION, MANUFACTURE, AND COPYRIGHT NOTICE
Place of production, publication, distribution, manufacture Mexico :
Name of producer, publisher, distributor, manufacturer Sitesa,
Date of production, publication, distribution, manufacture, or copyright notice 1989
300 ## - PHYSICAL DESCRIPTION
Extent 30 pages :
Other physical details illustrations (some color), maps (some color) ;
336 ## - CONTENT TYPE
Content type term text
Content type code txt
Source rdacontent.
337 ## - MEDIA TYPE
Media type term unmediated
Media type code n
Source rdamedia.
338 ## - CARRIER TYPE
Carrier type term volume
Carrier type code nc
Source rdacarrier.
500 ## - GENERAL NOTE
General note English title: Save my rainforest.
505 0# - FORMATTED CONTENTS NOTE
Formatted contents note Salven mi selva -- Las selvas tropicales de las Americas -- Que crece en las selvas? -- Destruccion de las selvas -- Los rastros de la lucha -- La limpieza del aire -- Ternura.
520 ## - SUMMARY, ETC.
Summary, etc. Contains the true story about eight-year-old Omar Castillo who fulfills his dream of visiting the endangered rain forest of southern Mexico and wins an audience with the president of Mexico to express his concern. Includes six more short writings about the destruction of rainforests.
521 2# - TARGET AUDIENCE NOTE
Target audience note 3-7.
521 0# - TARGET AUDIENCE NOTE
Target audience note 4.
600 10 - SUBJECT ADDED ENTRY--PERSONAL NAME
Personal name Castillo, Omar,
Dates associated with a name 1958-
Authority record control number https://id.loc.gov/authorities/names/n88050690.
650 #0 - SUBJECT ADDED ENTRY--TOPICAL TERM
Topical term or geographic name as entry element Rain forests
Geographic subdivision Mexico.
Authority record control number https://id.loc.gov/authorities/subjects/sh97006574.
650 #0 - SUBJECT ADDED ENTRY--TOPICAL TERM
Topical term or geographic name as entry element Conservation of natural resources.
Authority record control number https://id.loc.gov/authorities/subjects/sh85031255.
650 #0 - SUBJECT ADDED ENTRY--TOPICAL TERM
Topical term or geographic name as entry element Spanish language materials.
700 1# - ADDED ENTRY--PERSONAL NAME
Personal name Runnerstrom, Bengt Arne,
Authority record control number https://id.loc.gov/authorities/names/n91109002
Relator term illustrator.
942 ## - ADDED ENTRY ELEMENTS (KOHA)
Koha item type Libro/Book
Holdings
Withdrawn status Lost status Damaged status Not for loan Home library Current library Date acquired Inventory number Total Checkouts Full call number Barcode Date last seen Price effective from Koha item type
        San Juan Del Sur -- Mobile San Juan Del Sur -- Mobile 12/02/2023 Inventory date: 1-2-25   JES 30028736 12/02/2023 12/02/2023 Libro/Book
        San Juan Del Sur -- Mobile San Juan Del Sur -- Mobile 12/02/2023 Inventory date: 1-2-25   JES 30029678 12/02/2023 12/02/2023 Libro/Book
        San Juan Del Sur -- Mobile San Juan Del Sur -- Mobile 04/02/2024     JNC 33016333 04/02/2024 04/02/2024 Libro/Book

Powered by Koha